00142 a2200073 450000100060000010000120000624500240001826000260004225675 aRoom, M aMasnavi Molani Room abSh Ghulam Alic1963